000 00350nam a2200157Ia 4500
003 Ost
005 20260225132544.0
008 260225s9999||||xx |||||||||||||| ||und||
040 _cfsic
041 _afre
082 _a440
100 _aMohand Issad
_eAuteur
245 0 _aDroit international privé /
245 0 _cMohand Issad
942 _cكتاب
999 _c33679
_d33679